İttihat ve Terakki Cemiyeti, 1896-1909/ (Record no. 14090)
| 000 -BAŞLIK | |
|---|---|
| Sabit Uzunluktaki Kontrol Alanı | 01295nam a22003977a 4500 |
| 001 - KONTROL NUMARASI | |
| Control Dosyası | 0014127 |
| 003 - KONTROL NUMARASI KİMLİĞİ | |
| Kontrol Alanı | KOHA_MİRAKIL |
| 005 - EN SON İŞLEM TARİHİ ve ZAMANI | |
| Kontrol Alanı | 20260207001943.0 |
| 007 - FİZİKSEL TANIM SABİT ALAN - GENEL BİLGİ | |
| Sabit uzunluklu kontrol alanı | ta |
| 008 - SABİT UZUNLUKTAKİ VERİ ÖGELERİ - GENEL BİLGİ | |
| Sabit Alan | 100225b2000 tu |||gr||||#0|||0|tur | |
| 020 ## - ISBN - ULUSLARARASI STANDART KİTAP NUMARASI | |
| Isbn | 9757369152 |
| 040 ## - KATALOGLAMA KAYNAĞI | |
| Özgün Kataloglama Kurumu | TR-BiSEU |
| Kataloglama Dili | tur |
| Çeviri Kurumu | TR-BiSEU |
| Açıklama Kuralları | rda |
| 041 0# - DİL KODU | |
| Metin ya da ses kaydının dil kodu | tur |
| 044 ## - YAYINLAYAN/ÜRETEN KURULUŞUN ÜLKE KODU | |
| ISO country code | tu |
| 050 ## - SINIFLAMA ve YER NUMARASI | |
| Sınıflama Numarası | DR592 |
| Yer Numarası | .K39 2000 |
| 100 1# - KİŞİ ADI | |
| Yazar Adı (Kişi adı) | Karabekir, Kâzım. |
| 245 1# - ESER ADI BİLDİRİMİ | |
| Başlık | İttihat ve Terakki Cemiyeti, 1896-1909/ |
| Sorumluluk Bildirimi | Kâzım Karabekir ; Kâzım Karabekir; hazırlayan Faruk Özerengin. |
| 264 #1 - ÜRERİM, YAYIN, DAĞITIM ve TELİF BİLDİRİMİ | |
| Yayın yeri | İstanbul : |
| Yayınlayan | Emre Yayınları |
| Yayın tarihi | 2000 |
| 300 ## - FİZİKSEL TANIMLAMA | |
| Sayfa, Cilt vb. | 552 sayfa; 20 cm. |
| 336 ## - İÇERİK TÜRÜ | |
| Content type term | metin |
| Content type code | txt |
| Source | rdacontent |
| 337 ## - MEDYA TÜRÜ | |
| Media type term | aracısız |
| Media type code | n |
| Source | rdamedia |
| 338 ## - TAŞIYICI TÜRÜ | |
| Carrier type term | cilt |
| Carrier type code | nc |
| Source | rdacarrier |
| 490 1# - DİZİ BİLDİRİMİ | |
| Dizi Bildirimi | Emre Yayınları ; |
| Cilt Numarası | 22. |
| 490 1# - DİZİ BİLDİRİMİ | |
| Dizi Bildirimi | Cumhuriyet tarihi dizisi ; |
| Cilt Numarası | 2. |
| 490 1# - DİZİ BİLDİRİMİ | |
| Dizi Bildirimi | Kâzım Karabekir serisi ; |
| Cilt Numarası | 2. |
| 490 1# - DİZİ BİLDİRİMİ | |
| Dizi Bildirimi | Emre yakın tarih serisi ; |
| Cilt Numarası | 11 |
| 650 #0 - KONU BAŞLIĞI EK GİRİŞ - KONU TERİMİ | |
| Konusal terim veya coğrafi ad | Karabekir, Kazım. |
| 9 (RLIN) | 33087 |
| 650 #0 - KONU BAŞLIĞI EK GİRİŞ - KONU TERİMİ | |
| Konusal terim veya coğrafi ad | Turkey--History Revolution, 1918-1923. |
| 9 (RLIN) | 13054 |
| 650 #0 - KONU BAŞLIĞI EK GİRİŞ - KONU TERİMİ | |
| Konusal terim veya coğrafi ad | Tarih--Türkiye. |
| 9 (RLIN) | 10290 |
| 830 1# - SERİ EK GİRİŞİ - TEKBİÇİM ESER ADI | |
| Tekbiçim Başlık | Emre Yayınları ; |
| Volume number/sequential designation | 22. |
| 9 (RLIN) | 16339 |
| 830 1# - SERİ EK GİRİŞİ - TEKBİÇİM ESER ADI | |
| Tekbiçim Başlık | Cumhuriyet tarihi dizisi ; |
| Volume number/sequential designation | 2. |
| 9 (RLIN) | 16373 |
| 830 1# - SERİ EK GİRİŞİ - TEKBİÇİM ESER ADI | |
| Tekbiçim Başlık | Kâzım Karabekir serisi ; |
| Volume number/sequential designation | 2. |
| 9 (RLIN) | 33060 |
| 830 1# - SERİ EK GİRİŞİ - TEKBİÇİM ESER ADI | |
| Tekbiçim Başlık | Emre yakın tarih serisi ; |
| Volume number/sequential designation | 11 |
| 9 (RLIN) | 33058 |
| 907 ## - LOCAL DATA ELEMENT G, LDG (RLIN) | |
| a | Tarih |
| 942 ## - EK GİRİŞ ÖGELERİ (KOHA) | |
| Source of classification or shelving scheme | Library of Congress Classification |
| Koha item type | Book |
| Materyal Türü | Kalıcı Konum | Mevcut Konum | Raf Yeri | Sınıflandırma Kaynağı | Edinim Bilgisi | Ana Konular | Alt Konular | Yer Numarası | Demirbaş Numarası | Fatura Tarihi | Maliyet, Alış Fiyatı | Maliyet, Yenileme Fiyatı | Geri Çekilme Durumu | Kayıp Durumu | Hasarlı Durumu | Kredi için değil | Kayıt Tarih | Toplam Ödünçverme | Son Görülme Tarihi | Son Kontrol Tarihi | Genel / Bağış Notu |
|---|---|---|---|---|---|---|---|---|---|---|---|---|---|---|---|---|---|---|---|---|---|
| Book | Prof. Dr. Azmi Özcan Kütüphanesi | Prof. Dr. Azmi Özcan Kütüphanesi | Uluğbey Salonu | Library of Congress Classification | Bağış | DÜNYA TARİHİ (AVRUPA, ASYA, AFRİKA VB.) | Balkan Yarımadası | DR592 .K39 2000 | 0014127 | 02/02/2026 | 4.00 | 4.00 | 25/02/2010 | 5 | 26/05/2025 | 26/05/2025 | Genel Bağış |
